000 01248nam a22003737a 4500
003 CHAP
005 20220329133329.0
008 971013s r 00010 d
010 _a5025
011 _a5997
035 _a5214
040 _cCHAP
090 _aFolleto 13768
100 0 0 _aPeña Reséndiz, Roberto.
_986828
245 _aEstudio preliminar sobre los mecanismos de adaptación a la clorósis férrica en dos variedades de soya (Glycine max.)
260 _a[Chapingo, Méx.?] :
_bLos Autores,
_c[199?]
300 _a1 h.
500 _a55-159
590 _aBATCH-UPD
_b10
_c20130110
_lUCH01
_h1446
590 _aBATCH-UPD
_b10
_c20130410
_lUCH01
_h0915
590 _aBATCH-UPD
_b10
_c20130914
_lUCH01
_h0556
590 _aBATCH-UPD
_b10
_c20130914
_lUCH01
_h2110
590 _aCONVERSION
_b10
_c20130109
_lUCH01
_h1304
650 1 4 _aClorosis.
_923902
650 1 4 _aPlantas
_xDeficiencias nutritivas.
_988812
650 1 4 _aSoya
_xInvestigación.
_9109064
650 1 4 _aSoya
_xMejoramiento.
_9109069
650 1 4 _aSoya
_xVariedades.
_9109096
700 0 _aAlcantar Gonzalez, Ernesto Gabriel.
_93602
700 0 _aBaus Picard, Jorge.
_910883
901 _aBK
942 _cFOLL
949 _aFolleto 13768
_bBC
_cFOLL
_d-14783
_eTS1
_i5214
_mD
_si
999 _c5025
_d5025